00762cam a22002291 4500001001300000003000400013005001700017008004100034010001700075035001900092040005300111042001200164050002200176051002500198100003100223245005800254260004800312300003900360490005000399500003100449830005200480gs 15000775 DLC20260227111318.0741114s1915 onc 000 0 eng c ags 15000775  a(OCoLC)1074922 aLibrary, U.S. Geological SurveycDeUdOCoLCdDLC apremarc00aQE185b.A2 no. 62 aPM2031b.S3cCopy 2.1 aSapir, Edward,d1884-1939.10aAbnormal types of speech in Nootka,cby Edward Sapir. aOttawa,bGovernment Printing Bureau,c1915. a1 p. l., 21 p.bfold. tab.c23 cm.1 aMemoir / Geological Survey of Canada,vno. 62 aBibliographical footnotes. 0aMemoir (Geological Survey of Canada) ;vno. 62.